La investigación de la comunicación de masas
I tiakina i:
| Kaituhi matua: | |
|---|---|
| Hōputu: | Pukapuka |
| Reo: | Pāniora |
| I whakaputaina: |
Ciudad de México
Paidós
1991
|
| Putanga: | 1a. ed |
| Rangatū: | Instrumentos Paidós, 2
|
| Ngā marau: | |
| Ngā Tūtohu: |
Tāpirihia he Tūtohu
Kāore He Tūtohu, Me noho koe te mea tuatahi ki te tūtohu i tēnei pūkete!
|
MARC
| LEADER | 00000nam a2200000 a 4500 | ||
|---|---|---|---|
| 001 | UCG0521 | ||
| 003 | CL-VaPUC | ||
| 008 | 100325e19910000MX |||||||||||||||||spa|d | ||
| 020 | |a 9789688532072 | ||
| 082 | 0 | 4 | |a 302.2 |b WOL |2 21 |
| 100 | 0 | |a Wolf, Mauro |e author |9 547991 | |
| 245 | 1 | 3 | |a La investigación de la comunicación de masas |
| 250 | |a 1a. ed | ||
| 300 | |a 318 p | ||
| 942 | |c BK | ||
| 945 | |d 20100325 00:00:00 |a dcastane | ||
| 260 | |a Ciudad de México |b Paidós |c 1991 | ||
| 650 | 0 | |a Medios de comunicación de masas |9 257273 | |
| 650 | 0 | |a Información pública |9 257272 | |
| 650 | 7 | |a PROCESOS DE COMUNICACION |2 CL-VaPUC |9 369288 | |
| 650 | 0 | |a Opinión pública |9 255512 | |
| 650 | 7 | |a PSICOLOGIA DE LA COMUNICACION |2 CL-VaPUC |9 332059 | |
| 583 | |a last modification |c 20130325 05:21:29 |k Rodrigo Vera | ||
| 490 | 0 | |a Instrumentos Paidós, 2 | |
| 999 | |c 340143 |d 340141 | ||
| 952 | |0 0 |1 0 |2 ddc |4 0 |6 302_200000000000000_WOL_1991 |7 0 |8 A |9 434677 |a BIBCUR |b BIBCUR |c PAC |d 2019-11-22 |i 4654056 |o 302.2 WOL 1991 |p 4654056 |r 2025-04-22 |w 2019-11-22 |y BK |k PER | ||